000 03472nam a2200253Ia 4500
005 20251215152044.0
008 250219s9999||||xx |||||||||||||| ||und||
100 _aبن حموش، فوزية
245 0 _aعلاقة الارشاد النفسي الرياضي بالاداء الرياضي لدى لاعبات كرة السلة صنف اكابر : مقاربة تتمحور حول محددات الابعاد النفسية
260 _aالجزائر
_c2022
300 _a225 و.
_c30 سم.
502 _aدكتوراة
502 _cمعهد التربية البدنية و الرياضية، جامعة الجزائر 3
520 _aعنوان الدراسة: علاقة الارشاد النفسي الرياضي بالأداء الرياضي لدى لاعبات كرة السلة صنف أكابر. هدفت الدراسة: إلى معرفة اسهام الارشاد النفسي الرياضي في تحقيق الأداء الفعال لدى لاعبات كرة السلة وعلاقة البعد المادي بالعملية الارشادية، بالإضافة إلى علاقة النتائج المتحصل عليها بالخدمات الارشادية ومكانة الارشاد النفسي في البرنامج التدريبي لمدربي كرة السلة، أجريت الدراسة على عينة قوامها 59 لاعبة لكرة السلة لفرق الجزائر العاصمة، تم اختيارهم بطريقة قصدية، ولجمع البيانات الخاصة بالدراسة، وللتحقق من أهدافها تم استخدام المنهج الوصفي، لأنه ملائم وطبيعة الموضوع، لكن فيما يخص أدوات جمع البيانات استندنا إلى الكتب والمراجع، بالإضافة إلى استخدام استبيان الارشاد النفسي الرياضي من اعداد الباحثة طبق على اللاعبات، بالإضافة إلى إجراء مقابلة مع المدربين. تمت المعالجة الإحصائية باستخدام الرزمة الإحصائية للعلوم الاجتماعية spss، حيث جاءت نتائج الدراسة على النحو التالي: - يسهم الإرشاد النفسي في تحقيق الأداء الفعال لدى لاعبات كرة السلة. - البعد المادي له دور كبير في عملية الإرشاد النفسي لدى لاعبات كرة السلة. - يمكن إرجاع النتائج المحصل عليها للفريق إلى طبيعة الخدمات الإرشادية المقدمة من خلال المدرب. - للإرشاد النفسي الرياضي مكانة كبيرة في البرنامج التدريبي لمدربي كرة السلة وله انعكاس على أداء اللاعبات. الكلمات المفتاحية: الارشاد النفسي الرياضي، الاداء الرياضي، كرة السلة، المنافسة.
653 _aالاداء الرياضي
653 _aالارشاد النفسي الرياضي
653 _aالارشاد النفسي الرياضي
653 _aالمنافسة
653 _aكرة السلة
700 _aبن عكي، محند آكلي
710 _aمعهد التربية البدنية و الرياضية، جامعة الجزائر 3
856 _u https://dspace.univ-alger3.dz/jspui/handle/123456789/8278
942 _cأطروحات
999 _c15285
_d15285